000 00975nam a22002777a 4500
003 CHAP
005 20220329134328.0
008 971013s1899 r 00010 d
010 _a18851
011 _a19823
035 _a23908
040 _cCHAP
082 _a525.4
_bD5
100 0 0 _aDíaz, Agustín.
_933680
245 _aTablas de coordenadas para el trazao de la proyección policónica, a las latitudes de la República Mexicana, y para el de las márgenes en las hojas de fraccionamiento de las cartas generales
260 _aXalapa :
_bTalleres de la Comisión Geográfico-Exploradora,
_c1899
300 _a374 p.
590 _aBATCH-UPD
_b10
_c20130110
_lUCH01
_h0227
590 _aBATCH-UPD
_b10
_c20130409
_lUCH01
_h2250
590 _aBATCH-UPD
_b10
_c20130914
_lUCH01
_h1045
590 _aCONVERSION
_b10
_c20130109
_lUCH01
_h1311
650 1 4 _aCoordenadas.
_927809
901 _aBK
942 _cLIBRO
949 _a525.4 D5
_bBC
_cBPP
_d-55383
_eBPP
_h7554
_i23908
_si
999 _c18851
_d18851